Tvorba aplikácií v jazyku Elm s využitím komponentov

Salvato in:
Dettagli Bibliografici
Autore principale: Buryk, Alona (Autore)
Altri autori: Kapustík, Ivan (Relatore della tesi)
Natura: Manoscritto Libro
Lingua:slovacco
Pubblicazione: 2024
Soggetti:
Accesso online:http://is.stuba.sk/zp/portal_zp.pl?podrobnosti=166289
Tags: Aggiungi Tag
Nessun Tag, puoi essere il primo ad aggiungerne!!

MARC

LEADER 00000ntm a22000003a 4500
001 stuzp96931
003 SK-STU
005 20240615210403.2
007 ta
008 150427s2015----xo-----f-mn---000-0-slo-d
040 |a STU  |b slo 
041 0 |a slo 
100 1 |a Buryk, Alona  |u 070200  |4 aut  |U FIIT Fakulta informatiky a informačných technológií  |T FIIT Ústav informatiky, informačných systémov a softvérového inžinierstva  |X 112911  |U I200  |Y 179  |7 112911 
242 0 1 |a Creating appplications in Elm language using components  |y eng 
245 1 0 |a Tvorba aplikácií v jazyku Elm s využitím komponentov 
260 |c 2024 
650 4 |a Elm  |2 slo 
650 4 |a Webové komponenty  |2 slo 
650 4 |a Jednostránková aplikácia  |2 slo 
650 4 |a Funkcionálne programovanie  |2 slo 
650 4 |a SPA  |2 eng 
650 4 |a Web components  |2 eng 
650 4 |a Functional programming  |2 eng 
650 4 |a Elm  |2 eng 
700 1 |a Kapustík, Ivan  |u 070200  |k Z1  |4 ths  |U FIIT Fakulta informatiky a informačných technológií  |T FIIT Ústav informatiky, informačných systémov a softvérového inžinierstva  |X 111  |U I200  |Y 179  |7 111 
856 4 |u http://is.stuba.sk/zp/portal_zp.pl?podrobnosti=166289